000 00390nam a2200181Ia 4500
008 210210b1948 xxu||||| |||| 00| 0 eng d
041 _aeng
082 _a829/324
100 _aDOCKMAN (Elizabeth)
245 _aLady and the sun
260 _aLondon
_b-
_c1948
650 _athe
650 _asun
650 _aLady
650 _aand
690 _aEnglish Fiction
906 _a016929
999 _c136852
_d136852